000 00309nam a2200157Ia 4500
100 _aDhaval Bathia
650 _aMathematics
942 _cBK
366 _f20
245 _aVedic Mathematics made easy
260 _bJaico
_c2005
082 _a511.33
300 _a226
546 _aENGLISH
999 _c23751
_d23751